Air Patrol and the Saboteurs (Record no. 298)
[ view plain ]
| 000 -LEADER | |
|---|---|
| fixed length control field | 00285nam a22001097a 4500 |
| 008 - FIXED-LENGTH DATA ELEMENTS--GENERAL INFORMATION | |
| fixed length control field | 160622b xxu||||| |||| 00| 0 eng d |
| 100 ## - MAIN ENTRY--PERSONAL NAME | |
| 9 (RLIN) | 366 |
| Personal name | Buddle, P, |
| 245 ## - TITLE STATEMENT | |
| Title | Air Patrol and the Saboteurs |
| 260 ## - PUBLICATION, DISTRIBUTION, ETC. (IMPRINT) | |
| Name of publisher, distributor, etc. | Rigby Ltd. |
| Date of publication, distribution, etc. | 1973 |
| 300 ## - PHYSICAL DESCRIPTION | |
| Extent | Air Patrol and the Saboteurs |
| 942 ## - ADDED ENTRY ELEMENTS (KOHA) | |
| Source of classification or shelving scheme | Dewey Decimal Classification |
| Koha item type | BOOK |
| Withdrawn status | Lost status | Source of classification or shelving scheme | Damaged status | Not for loan | Home library | Current library | Shelving location | Date acquired | Total Checkouts | Full call number | Barcode | Date last seen | Price effective from | Koha item type |
|---|---|---|---|---|---|---|---|---|---|---|---|---|---|---|
| Dewey Decimal Classification | Good Samaritan School Library | Good Samaritan School Library | FICTION | 06/22/2016 | 823 | BUD507 | 06/22/2016 | 06/22/2016 | BOOK |